Sports Quiz

Random Sports or NFL Quiz

NFL Teams by Number of Super Bowl Appearances Quiz Stats

Quiz not verified by Sporcle

Challenge
Share
Tweet
Embed
Score 0/9 Timer 03:00
0 Plays Today
Number of Appearances Team(s) % Correct
8Dallas Cowboys, Denver Broncos, Pittsburgh Steelers
100%
10New England Patriots
100%
5Green Bay Packers, Miami Dolphins, New York Giants, Oakland Raiders, Washington Redskins
95.5%
1Arizona Cardinals, New Orleans Saints, New York Jets, Los Angeles Chargers, Tampa Bay Buccaneers, Tennessee Titans
93.8%
0Cleveland Browns, Detroit Lions, Houston Texans, Jacksonville Jaguars
93.8%
4Buffalo Bills, Indianapolis Colts, Minnesota Vikings
92%
6San Francisco 49ers
90.3%
2Atlanta Falcons, Baltimore Ravens, Carolina Panthers, Chicago Bears, Cincinnati Bengals, Kansas City Chiefs
90.3%
3Los Angeles Rams, Philadelphia Eagles, Seattle Seahawks
86.4%

You're not logged in!

Compare scores with friends on all Sporcle quizzes.
Join for Free
OR
Log In

You Might Also Like...

Show Comments

Extras

Top Quizzes Today


Score Distribution

Your Account Isn't Verified!

In order to create a playlist on Sporcle, you need to verify the email address you used during registration. Go to your Sporcle Settings to finish the process.

Report this User

Report this user for behavior that violates our Community Guidelines.

Details: